The current chinese restaurant market in Klang Valley: (Record no. 25682)

MARC details
000 -LEADER
fixed length control field 01004nam a2200229 4500
001 - CONTROL NUMBER
control field vtls002506660
003 - CONTROL NUMBER IDENTIFIER
control field MY-SjTCS
005 - DATE AND TIME OF LATEST TRANSACTION
control field 20210728185932.0
008 - FIXED-LENGTH DATA ELEMENTS--GENERAL INFORMATION
fixed length control field 030217 00 eng
039 #9 - LEVEL OF BIBLIOGRAPHIC CONTROL AND CODING DETAIL [OBSOLETE]
Level of rules in bibliographic description 201904051408
Level of effort used to assign nonsubject heading access points AUTHORITY
Level of effort used to assign subject headings 201904051408
Level of effort used to assign classification AUTHORITY
Level of effort used to assign subject headings 201904051407
Level of effort used to assign classification AUTHORITY
Level of effort used to assign subject headings 200905140847
Level of effort used to assign classification shuhada
-- 200407271942
-- VLOAD
082 ## - DEWEY DECIMAL CLASSIFICATION NUMBER
Classification number 647.95
Item number TAN
082 ## - DEWEY DECIMAL CLASSIFICATION NUMBER
Classification number D078
100 1# - MAIN ENTRY--PERSONAL NAME
Personal name Tan, Jenny.
9 (RLIN) 14956
245 14 - TITLE STATEMENT
Title The current chinese restaurant market in Klang Valley:
Remainder of title a study on Tai Thong resources berhad /
Statement of responsibility, etc. Jenny Tan.
260 ## - PUBLICATION, DISTRIBUTION, ETC.
Place of publication, distribution, etc. [Kuala Lumpur],
Date of publication, distribution, etc. 2002.
300 ## - PHYSICAL DESCRIPTION
Extent 72 p. ;
Dimensions 30cm.
502 ## - DISSERTATION NOTE
Dissertation note Dissertation (Bachelor of Hospitality and Tourism Management) - Universite De Toulouse Le Mirail, December 2002.
610 20 - SUBJECT ADDED ENTRY--CORPORATE NAME
Corporate name or jurisdiction name as entry element Taylor's University (Subang Jaya, Selangor, Malaysia)
General subdivision Dissertations
9 (RLIN) 60301
650 #0 - SUBJECT ADDED ENTRY--TOPICAL TERM
Topical term or geographic name entry element Dissertations, Academic
General subdivision Universite De Toulouse Le Mirail.
-- Tourism Specialization
Chronological subdivision 2002.
9 (RLIN) 204794
650 #0 - SUBJECT ADDED ENTRY--TOPICAL TERM
Topical term or geographic name entry element Dissertations, TCHT.
9 (RLIN) 204791
920 ## - Programme
Programme TCHT : D078
Holdings
Withdrawn status Lost status Source of classification or shelving scheme Damaged status Not for loan Home library Current library Date acquired Serial Enumeration / chronology Total Checkouts Barcode Date last seen Date last checked out Copy number Koha item type Public note
  Missing Stock take Dewey Decimal Classification     Taylor's Library-TU Taylor's Library-TU 24/01/2006 Dissertation   1000806360 05/12/2019 25/02/2010 1 Dissertation SHT,